Vấn đề đào tạo lãnh đạo tại Việt Nam Cộng Hòa

में बचाया:
ग्रंथसूची विवरण
मुख्य लेखक: Bùi Xuân Lãng
स्वरूप: पुस्तक
भाषा:Undetermined
प्रकाशित: Sài Gòn Trường Cao Đẳng Quốc Phòng 1973
टैग : टैग जोड़ें
कोई टैग नहीं, इस रिकॉर्ड को टैग करने वाले पहले व्यक्ति बनें!
Thư viện lưu trữ: Trung tâm Học liệu Trường Đại học Cần Thơ
LEADER 00550nam a2200169Ia 4500
001 CTU_26489
008 210402s9999 xx 000 0 und d
082 |a 344 
082 |b L106 
100 |a Bùi Xuân Lãng 
245 0 |a Vấn đề đào tạo lãnh đạo tại Việt Nam Cộng Hòa 
245 0 |c Bùi Xuân Lãng 
260 |a Sài Gòn 
260 |b Trường Cao Đẳng Quốc Phòng 
260 |c 1973 
904 |i Nguyễn Quang Điền, 981013 
980 |a Trung tâm Học liệu Trường Đại học Cần Thơ